| 000 | 00895nam a2200217Ia 4500 | ||
|---|---|---|---|
| 999 |
_c39188 _d39188 |
||
| 001 | 5773 | ||
| 003 | GE_BSU | ||
| 005 | 20190619151149.0 | ||
| 008 | 181216s1984||||ge |||||||||||||| ||geo|| | ||
| 040 | _cGE_BSU | ||
| 041 | _ageo | ||
| 080 | _a691(075.8) ნ-16 | ||
| 100 |
_aნადირაძე, ა. _91944 |
||
| 245 |
_aსაშენი მასალები და ნაკეთობები : _bსახელმძღვ. / _cა. ნადირაძე ; რედ. ვ. გოგსაძე |
||
| 264 |
_aთბილისი : _bგანათლება, _c1984. |
||
| 300 |
_a325 გვ. : _bილ. ; _c27 სმ. |
||
| 504 | _aბიბლიოგრ. : გვ.324. | ||
| 653 | _aსაშენი მასალები და ნაკეთობები | ||
| 700 |
_aგოგსაძე, ვ. _eრედაქტორი _9496 |
||
| 942 |
_cBK _2udc |
||